Su voz en mí (II parte)
Salvato in:
| Autore principale: | |
|---|---|
| Natura: | Libro |
| Lingua: | Undetermined |
| Pubblicazione: |
San José, Costa Rica
Imprenta Torno
1962
|
| Soggetti: | |
| Tags: |
Aggiungi Tag
Nessun Tag, puoi essere il primo ad aggiungerne!!
|
MARC
| LEADER | 00000nam a2200000Ia 4500 | ||
|---|---|---|---|
| 008 | 170316s9999 xx 000 0 und d | ||
| 040 | |a cru BVZT | ||
| 090 | |a 100 A-6s v.2 | ||
| 100 | |a Aguilar Machado, Alejandro | ||
| 245 | |a Su voz en mí (II parte) | ||
| 260 | |a San José, Costa Rica | ||
| 260 | |b Imprenta Torno | ||
| 260 | |c 1962 | ||
| 300 | |a 35 páginas | ||
| 650 | |a FILOSOFÍA | ||
| 650 | |a METAFÍSICA | ||
| 650 | |a RELIGIÓN | ||
| 650 | |a LITERATURA COSTARRICENSE | ||
| 942 | |c 15 D | ||
| 999 | |c 15434 |d 15434 | ||
